000 00469nam a2200145 4500
999 _c372182
_d372182
008 230127b ||||| |||| 00| 0 eng d
040 _aDE-2950
_cDE-2950
245 _a35 Jahre Frankfurter Olgas /
_cSiegfried Fiedler ; Angelika Müller
260 _aFrankfurt (Oder):
_b[Jugendfilmclub "Olga Benario"],
_c[2012]
300 _a207 S.:
_bIll.
653 _aFrankfurt (Oder)
653 _aJugendfilmclub "Olga Benario"
653 _aGeschichte 1977-2012
942 _2z
_cB